000 00340nam a2200133Ia 4500
008 240624s9999 xx 000 0 und d
041 _aeng
082 _a658.3124 MAC
100 _aMACRAE IAN
245 _aHIGH POTENTIAL HOW TO SPOT MANAGE AND DE
260 _c2014
_aNew Delhi
_bBloomsbury
300 _a336 p.; 23 cm.
365 _cRS
_b38
999 _c31145
_d31145